Szczegóły MARC21

MULTIVARIATE statistical analysis : Theory and applications /

005 -DATA I CZAS OSTATNIEJ MODYFIKACJI [,]
    • @
    • pole kontrolne
    • 20070315155141.9
040 -Instytucja sporządzająca opis [ , ]
    • a
    • Instytucja, która sporządziła opis (NP)
    • SZCZ U
    • c
    • Instytucja, która sporządziła rekord (NP)
    • SZCZ U
041 -Język dokumentu [0, ]
    • a
    • Język tekstu (P)
    • polski
    • h
    • Język tekstu oryginalnego i/lub pośredniego (P)
    • polski
942 -Rodzaj dokumentu [ , ]
    • c
    • Rodzaj dokumentu
    • Książka
245 -Strefa tytułu i oznaczenia odpowiedzialności [0, ]
    • a
    • Tytuł
    • MULTIVARIATE statistical analysis : Find
    • b
    • Ciąg dalszy tytułu (NP)
    • Theory and applications / Find
    • c
    • Pozostałe elementy strefy tytułu i oznaczenia odpowiedzialności (NP)
    • red. Czesław Domański, Jerzy Korzeniewski.
260 -Strefa adresu wydawniczego [ , ]
    • a
    • Miejsce wydania (P)
    • Łódź :
    • b
    • Nazwa wydawcy (P)
    • UŁ,
    • c
    • Data wydania (P)
    • 2002.
300 -Strefa opisu fizycznego [ , ]
    • a
    • Określenie formy książki i/lub objętość (NP)
    • 178 :
    • c
    • Format (NP)
    • 24 cm.
490 -Strefa serii i książki wielotomowej - forma nie do wyszukiwania [0, ]
    • z
    • Numer rekordu powiązanego
    • 119356
    • a
    • Tytuł (P)
    • (Acta Universitatis Lodziensis = Zeszyty Naukowe UŁ. FOLIA Oeconomica ; Find
    • y
    • Zob. egzemplarze
    • 188
    • x
    • ISSN (NP)
    • 0208-6018)
    • v
    • Numeracja (P)
    • 162,
500 -Uwaga ogólna [ , ]
    • a
    • Uwaga ogólna (NP)
    • Bibliogr.,summ
080 -Uniwersalna Klasyfikacja Dziesiętna [ , ]
    • a
    • Symbol klasyfikacji
    • 519.2
    • 9
    • UKD
    • 4064
    • 2
    • Identyfikator wydania tablic
    • UDC-P058
    • b
    • Dopowiedzenie
    • Rachunek prawdopodobieństwa. Statystyka matematyczna. Analiza statystyczna. Teoria estymacji. Rachunek wyrównawczy. Teoria błędów.
980 -Symbol UKD [ , ]
    • a
    • UKD
    • 519.2
700 -Hasło dodatkowe - nazwa osobowa [ , ]
    • a
    • Nazwa osobowa (NP)
    • Domański Czesław Find
700 -Hasło dodatkowe - nazwa osobowa [ , ]
    • a
    • Nazwa osobowa (NP)
    • Korzeniewski Jerzy Find
Data inwentaryzacji Lokalizacja Numer tomu Status udost. Powiązanie z serią Numer inwentarzowy Sygnatura
2004-02-02Tc162-11188Tc.1377Tc.346